000 00504nam a2200169 i 4500
001 51064
003 ES-MaACL
005 20230906162305.0
007 t|
008 030808s1971 sp ||||1| spa d
100 1 _aChantraine, Georges.
_937987
245 1 0 _aVerdadera y falsa libertad del teólogo
_b: ensayo /
_cGeorges Chantraine ; traducción por Diorki.
260 _aMadrid :
_bStudium,
_c[1971]
300 _a102 p. ;
_c19 cm.
710 2 _aDiorki.
_93392
852 _aES-MaACL
_jC-49679
_bR.80136
999 _c51064
_d51064